000 00863nam a2200265 a 4500
001 000048487
003 DO-SdBNP
005 20240502093653.0
007 ta
008 240502s1994 dr r 000 spa d
040 _aDO-SdBNP
_bspa
_cBNPHU
_drda
082 _a304.85207293
_bD473m
_222
100 _aDespradel, Alberto,
_eautor
_985367
245 0 _aLa migración japonesa hacia la República Dominicana /
_cAlberto Despradel
264 _aSanto Domingo :
_bDe Colores,,
_c1994
300 _a94 paginas. ;
_c28 cm.
336 _2rdacontent
_atexto
_btxt
337 _2rdamedia
_asin mediación
_bn
338 _2rdacarrier
_avolumen
_bnc
590 _aInventariado, 2024 / DG
650 4 _aDerecho
_zRepública Dominicana
_vÍNDICES
_953754
740 0 _aLey orgánica de las Fuerzas Armadas de la República Dominicana.
910 _aDG
942 _2ddc
_cLBS1
999 _c56577
_d56577